00381nam a2200157Ia 4500008004100000020001800041245001500059245005000074260001500124260001600139260000900155300001600164300002500180300001000205500000800215170705s9999 xx 000 0 und d a9780545034661 aClemente / cSara Pennypacker ; pictures by Marla Franzee. aNew York : bScholastic, c2006 a133 pages : bcolor illustration ; c19cm. a790